[Event "FIDE WCC Blitz Women 2019"]
[Site "Moscow"]
[Date "2019.12.29"]
[Round "1.25"]
[White "Buksa, Nataliya"]
[Black "Goltseva, Ekaterina"]
[Result "0-1"]
[WhiteElo "2356"]
[BlackElo "2143"]
[Annotator "NA"]
[PlyCount "68"]
[EventDate "2019.12.29"]
[EventType "swiss"]
[EventCountry "RUS"]
[SourceTitle "playchess.com"]
[Source "ChessBase"]
[SourceQuality "1"]

1. e4 e5 2. Nf3 Nc6 3. Bb5 a6 4. Ba4 Nf6 5. Nc3 d6 6. d3 Be7 7. O-O b5 8. Bb3 Na5 9. h3 O-O 10. Bg5 Bb7 11. Qd2 Nxb3 12. axb3 Nd7 13. Bxe7 Qxe7 14. d4 f5 15. dxe5 fxe4 16. exd6 cxd6 17. Nd4 Rae8 18. Rae1 Qf6 19. Re3 Qg5 20. Rd1 Qf4 21. Qe1 Nf6 22. Nde2 Qe5 23. Ng3 d5 24. Qd2 h5 25. Qd4 Qg5 26. Nf1 h4 27. Nh2 Rd8 28. Ne2 Nh5 29. Ng4 Bc8 30. Qe5 Rf5 31. Qc7 Rf7 32. Qe5 Rf5 33. Qd4 Rff8 34. Ne5 Bb7 0-1

[Event "FIDE WCC Blitz Women 2019"]
[Site "Moscow"]
[Date "2019.12.29"]
[Round "1.26"]
[White "Munkhzul, Turmunkh"]
[Black "Muzychuk, Mariya"]
[Result "0-1"]
[WhiteElo "2139"]
[BlackElo "2344"]
[Annotator "NA"]
[PlyCount "75"]
[EventDate "2019.12.29"]
[EventType "swiss"]
[EventCountry "RUS"]
[SourceTitle "playchess.com"]
[Source "ChessBase"]
[SourceQuality "1"]

1. e4 c5 2. Nf3 e6 3. d4 cxd4 4. Nxd4 a6 5. Bd3 Bc5 6. Nb3 Ba7 7. Qe2 Nc6 8. Be3 d6 9. Nc3 Nge7 10. Bxa7 Rxa7 11. O-O b5 12. Rad1 O-O 13. Rfe1 Rd7 14. Qe3 Bb7 15. Bf1 Qc7 16. f3 Ne5 17. Qf2 Nc4 18. Bxc4 bxc4 19. Nd4 e5 20. Nde2 f5 21. Qe3 fxe4 22. fxe4 Ng6 23. Rf1 Rdf7 24. Ng3 Nf4 25. Nf5 d5 26. g3 d4 27. Qe1 Nh3+ 28. Kg2 Rxf5 29. Rxf5 Rxf5 30. Kxh3 Rh5+ 31. Kg2 dxc3 32. bxc3 h6 33. Qe2 Rf5 34. Qg4 Rf7 35. Qh4 Qc6 36. Re1 Qf6 37. Qxf6 Rxf6 38. Re2 0-1

[Event "FIDE WCC Blitz Women 2019"]
[Site "Moscow"]
[Date "2019.12.29"]
[Round "1.27"]
[White "Danielian, Elina"]
[Black "Shumilina, Alexandra"]
[Result "0-1"]
[WhiteElo "2341"]
[BlackElo "2139"]
[Annotator "NA"]
[PlyCount "104"]
[EventDate "2019.12.29"]
[EventType "swiss"]
[EventCountry "RUS"]
[SourceTitle "playchess.com"]
[Source "ChessBase"]
[SourceQuality "1"]

1. d4 d5 2. Nf3 Nf6 3. Bf4 c6 4. e3 Bg4 5. c4 e6 6. Nbd2 Nbd7 7. h3 Bh5 8. Qb3 Qc8 9. Rc1 Be7 10. Bd3 O-O 11. O-O Bg6 12. Bxg6 hxg6 13. Rfd1 a5 14. Qd3 a4 15. a3 Re8 16. e4 dxe4 17. Nxe4 Nxe4 18. Qxe4 Qd8 19. Qe3 Qb6 20. Qe2 Rad8 21. Qc2 Qa5 22. Bd2 Qa7 23. Be3 Qa5 24. Nd2 Nf6 25. Nb1 b5 26. cxb5 cxb5 27. Qc7 Qxc7 28. Rxc7 Nd5 29. Rb7 Rb8 30. Rxb8 Rxb8 31. Rc1 Kf8 32. Kf1 Ke8 33. Ke2 Kd7 34. Nd2 Rc8 35. Rxc8 Kxc8 36. Kd3 Kd7 37. Nf3 Bd6 38. Ng5 Ke7 39. Ne4 Kd7 40. Nc3 Nxc3 41. Kxc3 Kc6 42. Kd3 Kd5 43. Bd2 Be7 44. Be3 Bf6 45. g4 e5 46. dxe5 Bxe5 47. Bc1 Bd4 48. f3 Be5 49. f4 Bd4 50. f5 gxf5 51. gxf5 Bf6 52. Ke3 Bg5+ 0-1

[Event "FIDE WCC Blitz Women 2019"]
[Site "Moscow"]
[Date "2019.12.29"]
[Round "1.28"]
[White "Song, Yuxin"]
[Black "Girya, Olga"]
[Result "0-1"]
[WhiteElo "2128"]
[BlackElo "2337"]
[Annotator "NA"]
[PlyCount "134"]
[EventDate "2019.12.29"]
[EventType "swiss"]
[EventCountry "RUS"]
[SourceTitle "playchess.com"]
[Source "ChessBase"]
[SourceQuality "1"]

1. e4 c6 2. d4 d5 3. e5 Bf5 4. Nf3 e6 5. Be2 Ne7 6. O-O Bg6 7. c3 h6 8. Na3 Nd7 9. b3 Nf5 10. c4 Be7 11. g4 Nh4 12. Nxh4 Bxh4 13. f4 O-O 14. Bd3 Bxd3 15. Qxd3 f6 16. cxd5 cxd5 17. Qh3 fxe5 18. g5 hxg5 19. Qxe6+ Kh8 20. fxe5 Rxf1+ 21. Kxf1 Qf8+ 22. Ke2 Qf2+ 23. Kd3 Qf1+ 24. Kc2 Rc8+ 25. Nc4 dxc4 26. Qxd7 cxb3+ 27. Kb2 Rc2+ 28. Ka3 Qa6+ 29. Qa4 Qxa4+ 30. Kxa4 b2 31. Bxb2 Rxb2 32. e6 g4 33. Rg1 Rxa2+ 34. Kb3 Rxh2 35. Rxg4 Be7 36. d5 Rd2 37. Kc4 b5+ 38. Kxb5 Rxd5+ 39. Ka6 Rd6+ 40. Kxa7 Rxe6 41. Kb7 g5 42. Kc7 Kg7 43. Kd7 Re5 44. Rg1 Kg6 45. Rg2 Bf6 46. Kd6 Re1 47. Kd5 Rf1 48. Ke4 Rf4+ 49. Ke3 Kf5 50. Rg3 g4 51. Ke2 Bd4 52. Rg2 Re4+ 53. Kf1 Kf4 54. Ra2 Bc3 55. Rf2+ Kg5 56. Kg2 Bd4 57. Rd2 Be5 58. Ra2 Rb4 59. Re2 Rb2 60. Rxb2 Bxb2 61. Kg3 Be5+ 62. Kg2 Kf4 63. Kf2 g3+ 64. Kg2 Kg4 65. Kg1 Kf3 66. Kh1 g2+ 67. Kg1 Bd4+ 0-1

[Event "FIDE WCC Blitz Women 2019"]
[Site "Moscow"]
[Date "2019.12.29"]
[Round "1.29"]
[White "Guichard, Pauline"]
[Black "Yakimova, Mariya"]
[Result "0-1"]
[WhiteElo "2335"]
[BlackElo "2128"]
[Annotator "NA"]
[PlyCount "88"]
[EventDate "2019.12.29"]
[EventType "swiss"]
[EventCountry "RUS"]
[SourceTitle "playchess.com"]
[Source "ChessBase"]
[SourceQuality "1"]

1. c4 e5 2. Nc3 d6 3. g3 f5 4. d4 e4 5. Bh3 Nf6 6. Bg5 Be7 7. e3 O-O 8. Nge2 h6 9. Bxf6 Bxf6 10. O-O c5 11. Nf4 cxd4 12. exd4 Nc6 13. Nce2 Kh7 14. Nd5 Bg5 15. b4 Be6 16. Nec3 Rc8 17. Nxe4 Bxd5 18. cxd5 Nxb4 19. Nxg5+ Qxg5 20. Qb3 Nc2 21. Rad1 Rc7 22. Rd3 f4 23. Rf3 Rf6 24. Qd3+ Qg6 25. Qxg6+ Kxg6 26. Rc1 Nxd4 27. Rxc7 Nxf3+ 28. Kg2 Ne1+ 29. Kf1 Nd3 30. Ke2 Nb4 31. Bg2 fxg3 32. hxg3 Nxa2 33. Rxb7 Nc3+ 34. Kd3 Rxf2 35. Bh1 Na4 36. Rxa7 Nc5+ 37. Ke3 Rb2 38. Be4+ Kf6 39. Ra8 Rb3+ 40. Kf4 g5+ 41. Kg4 Nxe4 42. Re8 Rxg3+ 43. Kh5 Rh3+ 44. Kg4 Nf2# 0-1

[Event "FIDE WCC Blitz Women 2019"]
[Site "Moscow"]
[Date "2019.12.29"]
[Round "1.30"]
[White "Zhuravleva, Olga"]
[Black "Pourkashiyan, Atousa"]
[Result "1/2-1/2"]
[WhiteElo "2127"]
[BlackElo "2327"]
[Annotator "NA"]
[PlyCount "116"]
[EventDate "2019.12.29"]
[EventType "swiss"]
[EventCountry "RUS"]
[SourceTitle "playchess.com"]
[Source "ChessBase"]
[SourceQuality "1"]

1. e4 c5 2. Nf3 e6 3. d4 cxd4 4. Nxd4 a6 5. Nc3 Qc7 6. f4 b5 7. a3 Bb7 8. Bd3 Nc6 9. Nxc6 dxc6 10. O-O c5 11. Qf3 c4 12. Be2 Nf6 13. Re1 Bc5+ 14. Kh1 O-O 15. Be3 Rad8 16. Qf2 Bxe3 17. Qxe3 Rd7 18. Bf3 Rfd8 19. Rad1 h6 20. h3 Bc6 21. Rxd7 Rxd7 22. Rd1 Rxd1+ 23. Nxd1 Qd7 24. Nf2 a5 25. Qc3 Qc7 26. Qd2 Bb7 27. Qe3 b4 28. axb4 axb4 29. e5 Nd5 30. Qd4 Qa5 31. Ne4 Qa1+ 32. Kh2 Qc1 33. Nd6 Bc6 34. Be4 c3 35. bxc3 bxc3 36. Bxd5 Bxd5 37. Qxc3 Qxf4+ 38. Kg1 Qc1+ 39. Kh2 Qf1 40. Qd2 Qa6 41. Qf2 Qa1 42. Qxf7+ Kh8 43. Qf8+ Kh7 44. Qf2 Qxe5+ 45. Qg3 Qf6 46. Nb5 Qf7 47. c3 Qf6 48. Nd4 Bc4 49. Qg4 Qe5+ 50. Kg1 Qe3+ 51. Kh2 Qxc3 52. Qe4+ Kh8 53. Nxe6 Bxe6 54. Qxe6 Qc7+ 55. Kh1 Qc1+ 56. Kh2 Qf4+ 57. Kh1 Qf8 58. Qe4 Qd8 1/2-1/2

[Event "FIDE WCC Blitz Women 2019"]
[Site "Moscow"]
[Date "2019.12.29"]
[Round "1.31"]
[White "Heinemann, Josefine"]
[Black "Guindy Esmat Susanne (DEN)"]
[Result "1-0"]
[WhiteElo "2325"]
[BlackElo "2120"]
[Annotator "NA"]
[PlyCount "123"]
[EventDate "2019.12.29"]
[EventType "swiss"]
[EventCountry "RUS"]
[SourceTitle "playchess.com"]
[Source "ChessBase"]
[SourceQuality "1"]

1. e4 e6 2. d4 d5 3. Nd2 Nf6 4. e5 Nfd7 5. Bd3 c5 6. c3 Nc6 7. Ne2 cxd4 8. cxd4 f6 9. exf6 Nxf6 10. Nf3 Bd6 11. O-O O-O 12. Bf4 Bxf4 13. Nxf4 Ne4 14. Ne2 Qf6 15. Ng3 Nxg3 16. hxg3 a6 17. Qd2 e5 18. dxe5 Nxe5 19. Nxe5 Qxe5 20. Rfe1 Qf6 21. Bc2 Be6 22. Bb3 Rad8 23. Rad1 Rfe8 24. Qd4 Qxd4 25. Rxd4 Bf7 26. Rxe8+ Rxe8 27. Kf1 Rd8 28. f3 Kf8 29. Kf2 Ke7 30. g4 Kd6 31. Ke3 Re8+ 32. Kd2 Kc5 33. Rf4 Bg6 34. Ba4 b5 35. b4+ Kd6 36. Bc2 Bxc2 37. Kxc2 Re2+ 38. Kb3 Rxg2 39. Rf7 Rg3 40. a4 bxa4+ 41. Kxa4 g6 42. Rxh7 Rxf3 43. Rh6 Rf6 44. Ka5 Ke5 45. Rh8 Kf4 46. Rd8 Kxg4 47. Rxd5 Kh4 48. Rd4+ Kh3 49. Rd3+ Kg4 50. Rd4+ Rf4 51. Rxf4+ Kxf4 52. Kxa6 g5 53. b5 g4 54. b6 g3 55. b7 g2 56. b8=Q+ Kf3 57. Qf8+ Kg3 58. Qg7+ Kf2 59. Qf6+ Kg3 60. Qg5+ Kf2 61. Qf4+ Kg1 62. Kb5 1-0

[Event "FIDE WCC Blitz Women 2019"]
[Site "Moscow"]
[Date "2019.12.29"]
[Round "1.32"]
[White "Semenova, Elena"]
[Black "Mamedjarova, Zeinab"]
[Result "1-0"]
[WhiteElo "2114"]
[BlackElo "2325"]
[Annotator "NA"]
[PlyCount "235"]
[EventDate "2019.12.29"]
[EventType "swiss"]
[EventCountry "RUS"]
[SourceTitle "playchess.com"]
[Source "ChessBase"]
[SourceQuality "1"]

1. e4 d5 2. exd5 Qxd5 3. Nc3 Qd8 4. Nf3 Nf6 5. d4 e6 6. Bd3 Be7 7. O-O O-O 8. Bf4 a6 9. a4 b6 10. Ne4 Nd5 11. Bg3 Nb4 12. Be2 Bb7 13. Ned2 Nd7 14. c3 Nd5 15. Ne5 c5 16. dxc5 Nxc5 17. Ndc4 b5 18. axb5 axb5 19. Na3 b4 20. cxb4 Nxb4 21. Bf3 Nd5 22. Qe2 Ba6 23. Nec4 Bh4 24. Bd6 Be7 25. Bxe7 Nxe7 26. Bxa8 Qxa8 27. Qc2 Nd5 28. Rfd1 Nf4 29. Ne3 Rc8 30. Nb1 Ne4 31. Rxa6 Qxa6 32. Qxe4 Nh5 33. Nc3 Nf6 34. Qd4 h5 35. Ne4 Nxe4 36. Qxe4 Qe2 37. b4 g6 38. h3 Rb8 39. Rd7 Qb2 40. Qf3 Qa1+ 41. Kh2 Qe5+ 42. g3 Qg7 43. Qe4 Qb2 44. Qf3 Qg7 45. Qf4 Rb5 46. Rd8+ Kh7 47. Ng2 Rf5 48. Qe3 Qf6 49. Nf4 e5 50. Nd5 Rxf2+ 51. Kg1 Rf1+ 52. Kg2 Qf5 53. Qe2 Rc1 54. Ne3 Qe4+ 55. Qf3 Rg1+ 56. Kf2 Qxf3+ 57. Kxf3 f5 58. Nd5 Kh6 59. b5 Rf1+ 60. Ke2 Rb1 61. b6 h4 62. gxh4 g5 63. Rd6+ Kh5 64. hxg5 Kxg5 65. Rd7 f4 66. b7 e4 67. Nc3 Rb2+ 68. Kd1 Kf5 69. Rd5+ Ke6 70. Rd4 f3 71. Rxe4+ Kf5 72. Re8 f2 73. Rf8+ Ke5 74. Kc1 Rb3 75. Kc2 Rxb7 76. Rxf2 Rh7 77. Rf3 Rh4 78. Kd3 Rd4+ 79. Ke3 Rc4 80. Ne2 Re4+ 81. Kf2 Rh4 82. Kg3 Re4 83. Nf4 Kf5 84. Nd3+ Kg5 85. Nf2 Re1 86. h4+ Kg6 87. Nh3 Re4 88. Ra3 Re5 89. Nf4+ Kf5 90. Rd3 Re1 91. Rd5+ Ke4 92. Rd8 Rg1+ 93. Ng2 Kf5 94. Rd5+ Kg6 95. h5+ Kh6 96. Kh3 Rh1+ 97. Kg4 Rg1 98. Rd6+ Kg7 99. Rd2 Kh6 100. Rf2 Rh1 101. Rf6+ Kg7 102. Rg6+ Kh7 103. Nh4 Rg1+ 104. Kf5 Rf1+ 105. Kg5 Rg1+ 106. Kf4 Rf1+ 107. Nf3 Rh1 108. Rg5 Kh6 109. Kg4 Ra1 110. Rg6+ Kh7 111. Ng5+ Kh8 112. Rb6 Ra5 113. h6 Ra8 114. Kh5 Re8 115. Rb7 Rf8 116. Rg7 Rf5 117. Rf7 Ra5 118. Rf8# 1-0

[Event "FIDE WCC Blitz Women 2019"]
[Site "Moscow"]
[Date "2019.12.29"]
[Round "1.33"]
[White "Assaubayeva, Bibisara"]
[Black "Dauletova, Gulmira"]
[Result "1-0"]
[WhiteElo "2323"]
[BlackElo "2112"]
[Annotator "NA"]
[PlyCount "130"]
[EventDate "2019.12.29"]
[EventType "swiss"]
[EventCountry "RUS"]
[SourceTitle "playchess.com"]
[Source "ChessBase"]
[SourceQuality "1"]

1. d4 Nf6 2. c4 e6 3. Nf3 d5 4. Nc3 Bb4 5. Qa4+ Nc6 6. e3 O-O 7. Bd2 dxc4 8. Bxc4 Bd6 9. Qc2 e5 10. dxe5 Nxe5 11. Nxe5 Bxe5 12. f4 Bxc3 13. Bxc3 Qe7 14. O-O Be6 15. Bd3 h6 16. e4 Qc5+ 17. Kh1 Nh7 18. f5 Bd7 19. e5 Bc6 20. f6 Ng5 21. fxg7 Rfe8 22. Rad1 Re7 23. Qd2 Rae8 24. Bb4 Qxe5 25. Bxe7 Qxe7 26. Rde1 Ne6 27. Be4 Qh4 28. Bxc6 bxc6 29. Qf2 Qh5 30. Qf3 Qg6 31. Qxc6 Re7 32. Re3 Kxg7 33. Rg3 Ng5 34. Qxg6+ fxg6 35. Rc3 Ne4 36. Rc2 c5 37. Kg1 Rb7 38. Re1 Rb4 39. a3 Rd4 40. Rce2 Nd6 41. Re7+ Kf6 42. Rxa7 Nc4 43. b3 Nd2 44. Ra6+ Kf5 45. Rb6 Rd3 46. b4 c4 47. Rb5+ Kf6 48. Rc5 Rxa3 49. Rd1 Ra2 50. Rd5 c3 51. Rc5 Ne4 52. Rc4 Re2 53. Kf1 Re3 54. Kg1 Ke5 55. b5 Re2 56. b6 Rb2 57. Re1 c2 58. Rcxe4+ Kd5 59. Re5+ Kd4 60. Re8 Rb1 61. Kf2 c1=Q 62. Rxc1 Rxc1 63. b7 Rc2+ 64. Kf3 Rc3+ 65. Kf4 g5+ 1-0

[Event "FIDE WCC Blitz Women 2019"]
[Site "Moscow"]
[Date "2019.12.29"]
[Round "1.34"]
[White "Khokhlova, Daria"]
[Black "Mammadzada, Gunay"]
[Result "0-1"]
[WhiteElo "2109"]
[BlackElo "2314"]
[Annotator "NA"]
[PlyCount "76"]
[EventDate "2019.12.29"]
[EventType "swiss"]
[EventCountry "RUS"]
[SourceTitle "playchess.com"]
[Source "ChessBase"]
[SourceQuality "1"]

1. d4 d5 2. Nf3 Nf6 3. c4 c6 4. e3 Bf5 5. Nc3 e6 6. Nh4 Be4 7. Qb3 Qc7 8. f3 Bg6 9. Bd2 Be7 10. g3 a6 11. a4 dxc4 12. Bxc4 Nbd7 13. e4 O-O 14. Nxg6 hxg6 15. Kf2 e5 16. d5 b5 17. Be2 Nc5 18. Qc2 cxd5 19. Rac1 d4 20. Nd5 Nxd5 21. exd5 bxa4 22. Bb4 Rfc8 23. Bxc5 Bxc5 24. Bd3 f5 25. Qxa4 Qb6 26. b3 Bd6 27. Kg2 a5 28. Qb5 Qxb5 29. Bxb5 Rc3 30. Bc6 Rb8 31. Ba4 e4 32. fxe4 fxe4 33. Rxc3 dxc3 34. Rc1 Be5 35. Kf2 Bd4+ 36. Ke2 Rf8 37. Rf1 Rxf1 38. Kxf1 c2 0-1

[Event "FIDE WCC Blitz Women 2019"]
[Site "Moscow"]
[Date "2019.12.29"]
[Round "1.35"]
[White "Bulmaga, Irina"]
[Black "Fataliyeva, Ulviyya"]
[Result "1-0"]
[WhiteElo "2308"]
[BlackElo "2108"]
[Annotator "NA"]
[PlyCount "59"]
[EventDate "2019.12.29"]
[EventType "swiss"]
[EventCountry "RUS"]
[SourceTitle "playchess.com"]
[Source "ChessBase"]
[SourceQuality "1"]

1. e4 e6 2. d4 d5 3. Nc3 Nf6 4. Bg5 Be7 5. e5 Nfd7 6. Bxe7 Qxe7 7. f4 a6 8. Nf3 c5 9. Qd2 Nc6 10. dxc5 Nxc5 11. Bd3 b5 12. a3 Rb8 13. O-O O-O 14. b4 Nd7 15. Ne2 Nb6 16. Ned4 Bb7 17. Qf2 Nxd4 18. Nxd4 Nc4 19. Rae1 Nxa3 20. f5 exf5 21. Nxf5 Qg5 22. Re3 g6 23. Rg3 Qd8 24. Qf4 f6 25. Qh6 Qd7 26. e6 Qc7 27. e7 Rf7 28. Rxg6+ hxg6 29. Qxg6+ Kh8 30. Qxf7 1-0

[Event "FIDE WCC Blitz Women 2019"]
[Site "Moscow"]
[Date "2019.12.29"]
[Round "1.36"]
[White "Bykova, Anastasia"]
[Black "Shuvalova, Polina"]
[Result "1-0"]
[WhiteElo "2107"]
[BlackElo "2302"]
[Annotator "NA"]
[PlyCount "81"]
[EventDate "2019.12.29"]
[EventType "swiss"]
[EventCountry "RUS"]
[SourceTitle "playchess.com"]
[Source "ChessBase"]
[SourceQuality "1"]

1. d4 Nf6 2. c4 e6 3. Nf3 d5 4. g3 Bb4+ 5. Bd2 Be7 6. Bg2 Nbd7 7. Qc2 c6 8. O-O b6 9. Rd1 Bb7 10. Bf4 Rc8 11. Nbd2 Nh5 12. Be3 O-O 13. Rac1 Nhf6 14. Bf4 c5 15. dxc5 Bxc5 16. Nb3 Qe7 17. Nxc5 Rxc5 18. Qa4 Ra5 19. Qb3 Nc5 20. Qe3 Rxa2 21. b4 Nce4 22. cxd5 Bxd5 23. Rc7 Qxb4 24. Ne5 Qb2 25. g4 Qxe2 26. Qxe2 Rxe2 27. Bf3 Rxf2 28. g5 Nxg5 29. Kxf2 Nxf3 30. Nxf3 h6 31. Rxa7 Rc8 32. Rc7 Ra8 33. Ne5 Ra2+ 34. Ke3 g5 35. Bg3 Nh5 36. Nxf7 Kg7 37. Rf1 Ra3+ 38. Kd4 Ra4+ 39. Ke5 Re4+ 40. Kd6 Kg6 41. Ne5+ 1-0

[Event "FIDE WCC Blitz Women 2019"]
[Site "Moscow"]
[Date "2019.12.29"]
[Round "1.37"]
[White "Nomin-Erdene, Davaademberel"]
[Black "Komiagina, Maria"]
[Result "0-1"]
[WhiteElo "2298"]
[BlackElo "2106"]
[Annotator "NA"]
[PlyCount "64"]
[EventDate "2019.12.29"]
[EventType "swiss"]
[EventCountry "RUS"]
[SourceTitle "playchess.com"]
[Source "ChessBase"]
[SourceQuality "1"]

1. f4 g6 2. Nf3 Bg7 3. g3 Nf6 4. Bg2 d5 5. d3 O-O 6. O-O c5 7. c3 Nc6 8. Na3 Rb8 9. Qe1 b5 10. e4 b4 11. Nb1 Ba6 12. e5 Ne8 13. Qe3 Qb6 14. Rd1 Nc7 15. Qf2 Rbd8 16. Be3 d4 17. cxd4 cxd4 18. Bc1 Nd5 19. Ne1 Ne3 20. Rd2 Rc8 21. b3 Nxe5 22. Bb2 N5g4 23. Qe2 Rfd8 24. Bf3 Nf6 25. Ng2 Nfd5 26. Rc2 Nxc2 27. Nd2 Nxa1 28. Nc4 Bxc4 29. bxc4 Nc3 30. Qd2 b3 31. a3 Nc2 32. Kf2 a5 0-1

[Event "FIDE WCC Blitz Women 2019"]
[Site "Moscow"]
[Date "2019.12.29"]
[Round "1.38"]
[White "Afonasieva, Anna"]
[Black "Mammadova, Gulnar"]
[Result "0-1"]
[WhiteElo "2099"]
[BlackElo "2293"]
[Annotator "NA"]
[PlyCount "126"]
[EventDate "2019.12.29"]
[EventType "swiss"]
[EventCountry "RUS"]
[SourceTitle "playchess.com"]
[Source "ChessBase"]
[SourceQuality "1"]

1. d4 e6 2. Nf3 f5 3. c4 Nf6 4. g3 b6 5. Bg2 Bb7 6. O-O Be7 7. Nc3 O-O 8. d5 Qe8 9. Nd4 Bc5 10. Ncb5 Na6 11. a3 c6 12. Nc3 cxd5 13. cxd5 Bxd4 14. Qxd4 e5 15. Qd3 e4 16. Qd4 d6 17. Bf4 Qd7 18. b4 Nc7 19. Bh3 Nfxd5 20. Rfd1 Ne6 21. Qd2 Nexf4 22. gxf4 Nxc3 23. Qxc3 Rf6 24. e3 d5 25. Kh1 Rc8 26. Qb3 Qf7 27. Rg1 Rh6 28. Rg3 Rhc6 29. Rag1 Rc1 30. Qb2 Rxg1+ 31. Rxg1 Rc7 32. Qe5 Re7 33. Qxf5 Qxf5 34. Bxf5 Rc7 35. Be6+ Kf8 36. Rd1 Rc3 37. Bxd5 Bxd5 38. Rxd5 Rxa3 39. Rd4 Ra2 40. Kg2 a5 41. bxa5 bxa5 42. Rxe4 a4 43. Re6 a3 44. Ra6 Ra1 45. Kf3 Kf7 46. e4 h5 47. f5 Ke7 48. e5 a2 49. Ra7+ Kf8 50. Kf4 h4 51. e6 h3 52. f3 Ke8 53. Rxg7 Rb1 54. Ra7 a1=Q 55. Rxa1 Rxa1 56. f6 Ra5 57. Kg4 Kf8 58. f4 Ra3 59. Kg5 Ra2 60. Kg6 Rg2+ 61. Kh7 Rxh2 62. e7+ Kf7 63. f5 Re2 0-1

[Event "FIDE WCC Blitz Women 2019"]
[Site "Moscow"]
[Date "2019.12.29"]
[Round "1.39"]
[White "Voit, Daria"]
[Black "Mikhaylova, Irina"]
[Result "1-0"]
[WhiteElo "2293"]
[BlackElo "2090"]
[Annotator "NA"]
[PlyCount "87"]
[EventDate "2019.12.29"]
[EventType "swiss"]
[EventCountry "RUS"]
[SourceTitle "playchess.com"]
[Source "ChessBase"]
[SourceQuality "1"]

1. d4 Nf6 2. Nf3 g6 3. c4 Bg7 4. Nc3 d5 5. Qb3 dxc4 6. Qxc4 O-O 7. e4 Na6 8. Be2 c5 9. d5 e6 10. O-O exd5 11. exd5 Bf5 12. Bg5 h6 13. Bh4 Qb6 14. b3 Rfe8 15. Rac1 Ne4 16. Nxe4 Rxe4 17. Qb5 Rb4 18. Qxb6 axb6 19. Bg3 Re8 20. Bxa6 bxa6 21. Rfe1 Rbe4 22. Rxe4 Rxe4 23. Bc7 b5 24. Rxc5 Bg4 25. d6 Bxf3 26. gxf3 Rd4 27. Rc6 Be5 28. Rxa6 f5 29. a4 bxa4 30. bxa4 Kf7 31. a5 Rd5 32. Rc6 Ke6 33. a6 Kd7 34. Rc1 Rd3 35. Rc5 Bd4 36. Ra5 Rd2 37. a7 Bxf2+ 38. Kh1 Bxa7 39. Rxa7 Ke6 40. Ra8 f4 41. Rh8 Kf5 42. Rxh6 Kg5 43. Rh7 Kf6 44. d7 1-0

[Event "FIDE WCC Blitz Women 2019"]
[Site "Moscow"]
[Date "2019.12.29"]
[Round "1.40"]
[White "Diakonova, Ekaterina"]
[Black "Socko, Monika"]
[Result "1/2-1/2"]
[WhiteElo "2090"]
[BlackElo "2286"]
[Annotator "NA"]
[PlyCount "148"]
[EventDate "2019.12.29"]
[EventType "swiss"]
[EventCountry "RUS"]
[SourceTitle "playchess.com"]
[Source "ChessBase"]
[SourceQuality "1"]

1. e4 c6 2. d4 d5 3. Nc3 dxe4 4. Nxe4 Nd7 5. Nf3 Ngf6 6. Nxf6+ Nxf6 7. h3 Bf5 8. Bd3 Bxd3 9. Qxd3 e6 10. O-O Be7 11. b3 O-O 12. Bb2 Qa5 13. c4 Rfd8 14. Bc3 Qa6 15. Qc2 c5 16. Rad1 cxd4 17. Nxd4 h6 18. Nb5 Qc6 19. Nd4 Qe4 20. Rfe1 Qxc2 21. Nxc2 Kf8 22. Kf1 Ke8 23. Nd4 a6 24. b4 Rd7 25. Nb3 Rad8 26. Ke2 Ne4 27. Bxg7 Bxb4 28. Rxd7 Rxd7 29. Rc1 h5 30. f3 Ng3+ 31. Kf2 Nf5 32. Be5 a5 33. Bc3 Bxc3 34. Rxc3 a4 35. Nc5 Rd2+ 36. Kg1 Rxa2 37. Nxb7 Nd4 38. Kh2 Kd7 39. Nc5+ Kc6 40. Nd3 Rd2 41. Ne5+ Kc5 42. Nd3+ Kd6 43. c5+ Kc7 44. Nb4 Nb5 45. Rc4 a3 46. Na6+ Kb7 47. Ra4 Kc6 48. Kg3 f5 49. f4 h4+ 50. Kxh4 Rxg2 51. Kh5 a2 52. Rxa2 Rxa2 53. Nb4+ Kxc5 54. Nxa2 Nd4 55. h4 Nf3 56. Nc1 Kd4 57. Kg6 Nxh4+ 58. Kf6 Kd5 59. Ne2 Ng2 60. Ng3 Ne3 61. Kg5 Kd6 62. Kf6 Nd5+ 63. Kg5 Ne7 64. Kf6 Nd5+ 65. Kg5 Ne3 66. Kf6 Kd5 67. Kg5 Kd4 68. Kf6 Kd5 69. Kg5 Kd6 70. Kf6 Ng4+ 71. Kg5 Ne3 72. Kf6 Nd5+ 73. Kg5 Ke7 74. Nxf5+ exf5 1/2-1/2

[Event "FIDE WCC Blitz Women 2019"]
[Site "Moscow"]
[Date "2019.12.29"]
[Round "1.41"]
[White "Kovalevskaya, Ekaterina"]
[Black "Protopopova, Anastasiya"]
[Result "1/2-1/2"]
[WhiteElo "2286"]
[BlackElo "2084"]
[Annotator "NA"]
[PlyCount "203"]
[EventDate "2019.12.29"]
[EventType "swiss"]
[EventCountry "RUS"]
[SourceTitle "playchess.com"]
[Source "ChessBase"]
[SourceQuality "1"]

1. Nf3 d5 2. g3 c6 3. Bg2 Bf5 4. O-O Nf6 5. d3 e6 6. Nbd2 h6 7. b3 Be7 8. Bb2 O-O 9. Re1 a5 10. a4 Na6 11. e4 Bh7 12. Ne5 Qb6 13. Qe2 Rad8 14. Rad1 Bc5 15. Nf1 Bd4 16. Bxd4 Qxd4 17. Nf3 Qb6 18. e5 Nd7 19. Ne3 Nb4 20. h4 c5 21. h5 Qc6 22. Ng4 b5 23. axb5 Qxb5 24. Qd2 c4 25. Nxh6+ gxh6 26. Qxh6 f6 27. bxc4 dxc4 28. Nd4 Qb6 29. exf6 Rxf6 30. Qg5+ Kh8 31. dxc4 Rg8 32. Qe3 e5 33. Nf3 Qxe3 34. Rxe3 Rf7 35. c3 Nc2 36. Re2 Na3 37. Nxe5 Nxe5 38. Rxe5 Nxc4 39. Rc5 Nb2 40. Re1 Nd3 41. Ree5 Nxc5 42. Rxc5 Ra7 43. Bd5 Rf8 44. Ba2 a4 45. f4 a3 46. Kf2 Rb8 47. Ke3 Re7+ 48. Kd4 Re2 49. Bd5 a2 50. Ra5 Bb1 51. h6 Rd2+ 52. Ke5 Rd8 53. Bf7 R2d7 54. Bxa2 Bxa2 55. Rxa2 Re8+ 56. Kf6 Rd6+ 57. Kg5 Rg8+ 58. Kh5 Rd5+ 59. Kh4 Kh7 60. Ra6 Rg6 61. Ra7+ Kxh6 62. g4 Rc6 63. g5+ Kg6 64. Kg4 Rdc5 65. c4 Rc7 66. f5+ Kg7 67. Ra6 Rxc4+ 68. Kh5 R4c5 69. Rg6+ Kf7 70. Rf6+ Kg7 71. Rg6+ Kf7 72. Rf6+ Kg7 73. Rg6+ Kh7 74. Rh6+ Kg8 75. Rg6+ Rg7 76. Rf6 Rf7 77. Rg6+ Rg7 78. Rf6 Rf7 79. Rg6+ Kf8 80. f6 Rc1 81. Kg4 Rg1+ 82. Kf5 Rf1+ 83. Ke4 Re1+ 84. Kf4 Rf1+ 85. Ke4 Re1+ 86. Kf4 Ra7 87. Rh6 Rf1+ 88. Ke4 Ra4+ 89. Ke3 Rg4 90. Rh8+ Kf7 91. Rh7+ Ke6 92. Re7+ Kd6 93. Rg7 Ke6 94. Re7+ Kf5 95. Rg7 Ke6 96. Re7+ Kf5 97. Rg7 Rg3+ 98. Ke2 Rf4 99. f7 Ke6 100. g6 Rxg6 101. Rxg6+ Kxf7 102. Rg3 1/2-1/2

[Event "FIDE WCC Blitz Women 2019"]
[Site "Moscow"]
[Date "2019.12.29"]
[Round "1.42"]
[White "Nurgali, Nazerke"]
[Black "Kashlinskaya, Alina"]
[Result "0-1"]
[WhiteElo "2075"]
[BlackElo "2282"]
[Annotator "NA"]
[PlyCount "44"]
[EventDate "2019.12.29"]
[EventType "swiss"]
[EventCountry "RUS"]
[SourceTitle "playchess.com"]
[Source "ChessBase"]
[SourceQuality "1"]

1. d4 Nf6 2. c4 e6 3. g3 d5 4. Nf3 Bb4+ 5. Bd2 Bd6 6. Qc2 O-O 7. Nc3 Nc6 8. e4 dxe4 9. Nxe4 Nxe4 10. Qxe4 e5 11. dxe5 Nxe5 12. Nxe5 Bxe5 13. O-O-O Qf6 14. Bd3 g6 15. b3 Ba1 16. Rde1 Bf5 17. Qf3 Rad8 18. Re3 Qb2+ 19. Kd1 Bxd3 20. Rxd3 Qb1+ 21. Ke2 Rfe8+ 22. Re3 Qd3+ 0-1

[Event "FIDE WCC Blitz Women 2019"]
[Site "Moscow"]
[Date "2019.12.29"]
[Round "1.43"]
[White "Munguntuul, Batkhuyag"]
[Black "Geller, Anastasiya"]
[Result "1-0"]
[WhiteElo "2282"]
[BlackElo "2073"]
[Annotator "NA"]
[PlyCount "59"]
[EventDate "2019.12.29"]
[EventType "swiss"]
[EventCountry "RUS"]
[SourceTitle "playchess.com"]
[Source "ChessBase"]
[SourceQuality "1"]

1. e4 c6 2. Nc3 d5 3. Nf3 Nf6 4. e5 Ne4 5. Ne2 Qb6 6. d4 e6 7. Ng3 Nxg3 8. hxg3 c5 9. Bd3 h6 10. g4 Nc6 11. a3 cxd4 12. Qe2 a5 13. b3 Bd7 14. Kf1 g6 15. Bb2 Bg7 16. Rd1 O-O-O 17. g3 f6 18. exf6 Bxf6 19. Bb5 d3 20. cxd3 Bxb2 21. Bxc6 Bxc6 22. Qxb2 d4 23. Rc1 Kb8 24. Kg2 Rhf8 25. Rxc6 Qxc6 26. Qe2 Rf6 27. Qe5+ Qd6 28. Qxf6 Rf8 29. Qe5 Qxe5 30. Nxe5 1-0